000 00382nam a22001577a 4500
003 MPLRDC
005 20220104125413.0
008 210129b ||||| |||| 00| 0 eng d
082 _a857.9 ZGBY v.1
100 _a诸葛悲吟
245 _a九美乱江湖. 上
_c
260 _a
_b南海出版公司
_c1992
300 _b
650 _a武侠小说
942 _cBK
_o857.9 ZGBY v.1
999 _c27086
_d27076